| 000 | 00386nam a22001457a 4500 | ||
|---|---|---|---|
| 020 | _a81-7826-158-8 | ||
| 082 |
_a823 _bVER/J |
||
| 245 |
_aA JOURNEY TO THE CENTRE OF THE EARTH _bSHORT STORY |
||
| 246 |
_aA JOURNEY TO THE CENTRE OF THE EARTH _bSHORT STORY |
||
| 250 | _a2003 | ||
| 260 |
_aDELHI _bROHAN BOOK COMPANY _c2003 |
||
| 300 | _a190 | ||
| 520 | _aCHILDRENS SHORT STORY | ||
| 942 | _cBK | ||
| 999 |
_c397 _d397 |
||